Akta Syarikat 1965/Companies Act 1965:Akta 125.Semua pindaan hingga Oktober, 1993.

Bibliographic Details
Format: Book
Published: Kuala Lumpur: MDC, 1993.
Subjects:
LEADER 00462cam a2200157 7i4500
001 0000003041
005 19991025090000.0
002 ##000004365
020 0 0 |a 967-70-0132-9  
090 0 0 |a M 338.7   |b AKT 
245 0 0 |a Akta Syarikat 1965/Companies Act 1965:Akta 125.Semua pindaan hingga Oktober, 1993. 
260 0 0 |a Kuala Lumpur:   |b MDC,   |c 1993. 
300 0 0 |a 814 p.. 
650 0 0 |a Companies law  
651 0 0 |a Malaysia  
999 |a 0000004249  |b Book  |c Open shelf  |e Business Information Centre